000 00692nam a2200277Ia 4500
005 20260324121902.0
008 008 260324s9999 xx 000 0 eng d
020 _a9780429481895
037 _aEBOOK
040 _aCRL
040 _beng
040 _cCRL
041 _2eng
041 _aeng
084 _qCRL
100 _aAlice Spencer; Franco Borgogno
_91164259
245 4 _aThe Girl who Committed Hara-Kiri and Other Clinical and Historical Essays
260 _bTaylor and Francis
260 _c2013
365 _a
365 _b205
856 _uhttp://www.taylorfrancis.com/books/9780429481895
942 _cEBOOK
999 _c1756628
_d1756628